| 000 | 01345cad a22002415a 4500 | ||
|---|---|---|---|
| 001 | L146430 | ||
| 008 | 090121s20081217xxkado f a000 0 eng d | ||
| 035 | _a(Sirsi) u146430 | ||
| 041 | 0 | _aeng | |
| 050 | 0 | 4 | _a306.1 $2 18 |
| 110 | 2 |
_aHomes and Communities Agency _95688 |
|
| 245 | 0 | 0 |
_aMonthly housing market bulletin _h[electronic resource] |
| 260 |
_aLondon _bHCA _c2008 |
||
| 490 | 0 |
_aHomes & Communities Agency Monthly Housing Market Bulletin _vDecember 2008 |
|
| 505 | 2 | _aOverview of the housing market -- House prices -- Mortgages -- The economy -- Housebuilding | |
| 520 | _aMonthly bulletin provides a useful overview of the housing market in the UK (principally England and Wales). Draws statistical evidence from a range of sources including the Land Registry, the Department for Communities and Local Government and the Royal Institution of Chartered Surveyors. Also provides forecasts for the market, commentary on mortgages and affordability and house building activity. There is also a more general section on the economy included. | ||
| 521 | _aAdvanced | ||
| 590 | _aKA NTK | ||
| 651 | 4 |
_aEngland and Wales _y1543- |
|
| 690 |
_aResidential property _96266 |
||
| 856 | 4 | 0 |
_uhttps://www.homesandcommunities.co.uk/housing_market_research _zView the item free of charge online at www.homesandcommunities.co.uk... |
| 942 | _n0 | ||
| 999 |
_c109168 _d109168 |
||